=LDR 00000nam 2200000 4500 =001 NUTBA000000000002855 =005 20240725102616 =035 ##$$a 0010-071400000000043 =008 240725################g##########0#ind## =020 ##$$a 978-602-8674-51-5 =040 ##$$a Ind =082 ##$$a 618.1 =090 ##$$a 618.1$bPri d =100 ##$$a Pribakti =245 1#$$a Dasar-dasar uroginekologi /$c Pribakti =250 ##$$a Cet.1 =260 ##$$a Jakarta :$b Sagung seto,$c 2011 =300 ##$$a Vi,236 Hlm : $b Ilus ; $c 21 cm. =850 ##$$a NBPNMAT =084 ##$$a 618.1 PRI d =990 ##$$a 21400613/BPAP-NTB/20142014 =990 ##$$a 21301388 =990 ##$$a 33823382 =990 ##$$a 33823382 =990 ##$$a 33823382 =990 ##$$a 21301386 =990 ##$$a 21301388 =990 ##$$a 5201344032 =990 ##$$a 5201344033 =990 ##$$a 21301389 =990 ##$$a 21301388 =990 ##$$a 5201344032 =990 ##$$a 21301386 =990 ##$$a 21301387 =990 ##$$a 21301387 =990 ##$$a 21301388 =990 ##$$a 21301388 =990 ##$$a 21301389 =990 ##$$a 21301389 =990 ##$$a 21301386 =990 ##$$a 21301386